Представление документа в формате MARC21

Поле Инд. ПП Название Значение
Тип записи a
Библиографический уровень m
001 Контрольный номер 2e0bcbb767bd49a6abe4dfb74c5dbc75
005 Дата корректировки 20200908163955.0
008 Кодируемые данные 200908s1991 ru |||||||||||000|||rus|d
040 a Служба первич. каталог. ЦГБ г. В. Луки
b Код языка каталог. rus
041 0_ a Код языка текста rus
084 2 Источник индекса rubbk
a Индекс другой классификации/Индекс ББК 65.8
090 x Авторский знак Л 50
j Имя библиотеки ЦГБ г. В. Луки
097 b Оператор САВ-р
245 10 a Заглавие Лес за деревьями
b Продолж. заглавия рассказы о том, чего мы не знаем, но хотели бы знать о капиталистическом обществе
c Ответственность сост. В. Н. Левин
260 a Место издания Москва
b Издательство Знание
c Дата издания 1991
300 a Объем 303 с.
b Иллюстрации/ тип воспроизводства ил.
500 a Примечание Содержит: Япония: свет и тени научно-технической революции / В. Цветов. ФРГ: как они живут / В. Левин. Одинокая толпа?: о США / В. Зубок
650 14 a Основная рубрика Экономика
653 1_ a Ключевые слова экономика
901 t Тип документа m